[Event "XIX Memorial Edoardo Crespi A"]
[Site "Milano ITA"]
[Date "1998.12.??"]
[Round "2"]
[White "Facchetti, Gianni"]
[Black "Giretti Kanev, Jasen"]
[Result "1-0"]
[WhiteElo "2120"]
[BlackElo "2150"]
[PlyCount "205"]
[EventDate "1998.12.05"]

1. e4 c5 2. Nf3 e6 3. d3 Nc6 4. Nbd2 d5 5. Be2 d4 6. a4 Bd6 7. Nc4 Bc7 8. O-O
Nge7 9. Ne1 O-O 10. f4 a6 11. Bf3 Rb8 12. g3 b5 13. axb5 axb5 14. Nd2 f6 15.
Bg2 Ba5 16. Nef3 Bd7 17. Nb1 Qc7 18. Qe2 Bb6 19. Na3 Na5 20. Bd2 b4 21. Nc4
Nxc4 22. dxc4 Nc6 23. b3 Ra8 24. Rxa8 Rxa8 25. Rc1 Ra2 26. Ne1 Qa7 27. Nd3 Bc7
28. g4 e5 29. f5 Bd6 30. g5 Be8 31. gxf6 gxf6 32. Bh6 Qf7 33. Bf3 Bf8 34. Bxf8
Qxf8 35. Kh1 Ra7 36. Rg1+ Rg7 37. Ra1 Ra7 38. Qg2+ Kh8 39. Rg1 Rg7 40. Qxg7+
Qxg7 41. Rxg7 Kxg7 42. Nxc5 Kf8 43. Kg2 Ke7 44. Kg3 Kd6 45. Nd3 Ke7 46. Kh4 Bf7
47. Be2 Kd8 48. Nf2 Na5 49. Bh5 Bg8 50. Nd3 Nc6 51. Kg4 Kd7 52. Kf3 Kd6 53. Ke2
Kd7 54. Nf2 Na5 55. Kd2 Nc6 56. c5 Kc7 57. Be2 Na7 58. Ba6 h5 59. Nd3 Kc6 60.
h4 Nb5 61. Nxb4+ Kxc5 62. Nd3+ Kb6 63. Bxb5 Kxb5 64. Nc1 Bf7 65. c3 dxc3+ 66.
Kxc3 Be8 67. Na2 Bc6 68. Kd3 Kc5 69. Nc3 Bb7 70. Ke3 Bc6 71. Na2 Bb7 72. Nc1
Kd6 73. Nd3 Bc6 74. b4 Bb5 75. Nc5 Bc4 76. Kd2 Ba2 77. Kc3 Bb1 78. Kc4 Ba2+ 79.
Kb5 Bb1 80. Kb6 Bc2 81. Kb7 Bb1 82. Kc8 Kc6 83. Kd8 Kb5 84. Ke7 Kxb4 85. Nd7
Bxe4 86. Kxf6 Bc2 87. Kxe5 Kb5 88. Nf6 Bd1 89. Nd5 Bc2 90. Nf4 Kc6 91. Nxh5 Kd7
92. Kf6 Ke8 93. Kg5 Kf7 94. Nf6 Bb1 95. h5 Ba2 96. h6 Bb1 97. Nh5 Kg8 98. Kg6
Kh8 99. Nf4 Be4 100. Ne6 Bd5 101. Nd8 Bc4 102. Nf7+ Kg8 103. h7+ 1-0

[Event "XIX Memorial Edoardo Crespi A"]
[Site "Milano ITA"]
[Date "1998.12.??"]
[Round "2"]
[White "Marcoli, Paolo"]
[Black "Qendro, Llambi"]
[Result "0-1"]
[WhiteElo "2130"]
[BlackElo "2375"]
[PlyCount "44"]
[EventDate "1998.12.05"]

1. e4 g6 2. d4 Bg7 3. Nc3 c6 4. f4 d5 5. e5 h5 6. Nf3 Bg4 7. h3 Bxf3 8. Qxf3 e6
9. g3 Qb6 10. Qf2 Ne7 11. Bd3 Nf5 12. Bxf5 gxf5 13. Bd2 Bf8 14. O-O-O c5 15.
Na4 Qa6 16. Nxc5 Bxc5 17. dxc5 Qxa2 18. Bc3 Nc6 19. Kd2 d4 20. Bxd4 Nxd4 21.
Qxd4 Rd8 22. Qxd8+ Kxd8 0-1

[Event "XIX Memorial Edoardo Crespi A"]
[Site "Milano ITA"]
[Date "1998.12.??"]
[Round "2"]
[White "Nieus, Thierry"]
[Black "Tramalloni, Luca"]
[Result "0-1"]
[WhiteElo "1881"]
[BlackElo "1909"]
[PlyCount "84"]
[EventDate "1998.12.05"]

1. e4 c5 2. c3 d5 3. exd5 Qxd5 4. d4 e6 5. Nf3 Nc6 6. Na3 a6 7. Nc2 Nf6 8. Be3
cxd4 9. Ncxd4 Be7 10. Be2 O-O 11. O-O Rd8 12. Nxc6 Qxc6 13. Nd4 Qc7 14. Qc2 Nd5
15. Bd3 h6 16. Bd2 b6 17. Rae1 Bb7 18. Be4 Rac8 19. Qd3 Bd6 20. g3 Nf6 21. Bxb7
Qxb7 22. Qe2 Rd7 23. Rd1 Rcd8 24. Nf3 Qb8 25. c4 Ng4 26. Bc3 Bc5 27. Rxd7 Rxd7
28. Ne5 Nxe5 29. Bxe5 Qd8 30. Bc3 Bd4 31. Bxd4 Rxd4 32. Rc1 Qd6 33. Qe3 Rd2 34.
Qc3 Rd3 35. Qc2 Qd4 36. Qa4 Qxb2 37. Qe8+ Kh7 38. Rf1 Qxa2 39. Rc1 Qb2 40. Rf1
Qd4 41. Qa4 a5 42. Qb5 Rd2 0-1

[Event "XIX Memorial Edoardo Crespi A"]
[Site "Milano ITA"]
[Date "1998.12.??"]
[Round "2"]
[White "Papale, Carmelo"]
[Black "Dalimeg, Alfredo"]
[Result "0-1"]
[WhiteElo "1917"]
[BlackElo "2068"]
[PlyCount "138"]
[EventDate "1998.12.05"]

1. Nf3 c5 2. d3 Nc6 3. g3 d6 4. Bg2 e6 5. e4 Be7 6. Nbd2 Nf6 7. O-O O-O 8. Re1
Qc7 9. a4 h6 10. b3 e5 11. Nc4 Be6 12. Ne3 Qd7 13. Nh4 Ng4 14. Nef5 Nf6 15.
Bxh6 gxh6 16. Qd2 Nh7 17. Qxh6 Bf6 18. g4 Bxf5 19. Nxf5 Nd4 20. Re3 Nxf5 21.
gxf5 Bg7 22. Rg3 f6 23. h4 Kh8 24. Qe3 Rg8 25. Bh3 Bf8 26. Rg6 Qe8 27. Qg3 Bh6
28. Kh1 Rxg6 29. fxg6 Nf8 30. Rg1 Kg7 31. h5 Ne6 32. Bxe6 Qxe6 33. Qf3 Rh8 34.
Kg2 Rd8 35. c4 Bf4 36. Rh1 Rh8 37. Rb1 Kh6 38. Rh1 b6 39. Rh4 Bg5 40. Rh1 Rf8
41. Qf5 Qxf5 42. exf5 d5 43. a5 bxa5 44. cxd5 Rd8 45. Kf3 Rxd5 46. Ke2 Rd4 47.
Ra1 e4 48. dxe4 Rxe4+ 49. Kf3 Rf4+ 50. Kg2 a4 51. bxa4 Rd4 52. Rb1 Rd7 53. Kg3
Bd2 54. Rb8 Kxh5 55. Rc8 Kg5 56. Rxc5 Bf4+ 57. Kg2 Be5 58. a5 Kxf5 59. a6 Kxg6
60. Rb5 Bd4 61. f4 Rd6 62. Ra5 Bb6 63. Ra3 Kf5 64. Kg3 Rd4 65. Rb3 Rc4 66. Rb5+
Rc5 67. Rb4 Ra5 68. Kf3 Ra3+ 69. Ke2 Rxa6 0-1

[Event "XIX Memorial Edoardo Crespi A"]
[Site "Milano ITA"]
[Date "1998.12.??"]
[Round "3"]
[White "Dalimeg, Alfredo"]
[Black "Bevilacqua, Maurizio"]
[Result "0-1"]
[WhiteElo "2068"]
[BlackElo "2140"]
[PlyCount "90"]
[EventDate "1998.12.05"]

1. e4 c5 2. Nf3 d6 3. d4 cxd4 4. Nxd4 Nf6 5. Nc3 a6 6. Be2 e5 7. Nb3 Be6 8. Bg5
Be7 9. O-O Nbd7 10. Kh1 h6 11. Bxf6 Nxf6 12. f4 exf4 13. Rxf4 O-O 14. Nd4 Qd7
15. Nf5 Rad8 16. Nxe7+ Qxe7 17. Bd3 Nd7 18. Qh5 Ne5 19. h3 Rc8 20. Rd1 Rc5 21.
Qe2 Qg5 22. Qf2 Rfc8 23. Rf1 R8c7 24. Qd4 Qe7 25. R4f2 Nc6 26. Qe3 Ne5 27. a3
Qh4 28. Kg1 Qg5 29. Qxg5 hxg5 30. Rd1 Kf8 31. Bf1 Ke7 32. Rfd2 R7c6 33. Nd5+
Bxd5 34. exd5 Rc7 35. c3 f5 36. Rd4 Kf6 37. Be2 b5 38. a4 Nc4 39. Bxc4 Rxc4 40.
Re1 Re7 41. Rxe7 Kxe7 42. Rxc4 bxc4 43. Kf2 Kf6 44. Ke3 Ke5 45. h4 gxh4 0-1

[Event "XIX Memorial Edoardo Crespi A"]
[Site "Milano ITA"]
[Date "1998.12.??"]
[Round "3"]
[White "Dorighet, Claudio"]
[Black "Cazzaniga, Walter"]
[Result "1/2-1/2"]
[WhiteElo "2085"]
[BlackElo "2165"]
[PlyCount "97"]
[EventDate "1998.12.05"]

1. c4 Nf6 2. Nc3 g6 3. g3 Bg7 4. Bg2 O-O 5. e4 d6 6. Nge2 e5 7. O-O Nc6 8. h3
Be6 9. d3 Qd7 10. Kh2 Ne8 11. Be3 Nd4 12. f4 f5 13. Qd2 c6 14. Rae1 a6 15. fxe5
dxe5 16. Na4 Rd8 17. Nc5 Qe7 18. Bxd4 exd4 19. Nxe6 Qxe6 20. exf5 Qe3 21. Qd1
Qh6 22. fxg6 hxg6 23. Rxf8+ Bxf8 24. Nf4 Nf6 25. Ne6 Re8 26. Nxd4 Ng4+ 27. Kg1
Ne3 28. Qf3 Bc5 29. Qf6 Qg7 30. Qxg7+ Kxg7 31. Nf3 Nc2+ 32. Kf1 Nxe1 33. Nxe1
Bd4 34. b3 Bc3 35. Be4 Bxe1 36. Kxe1 g5 37. Kd2 Rh8 38. h4 gxh4 39. gxh4 Rxh4
40. Kc3 Kf6 41. a4 Ke6 42. c5 a5 43. b4 axb4+ 44. Kxb4 Kd7 45. a5 Rh2 46. Bf5+
Kc7 47. Be6 Rb2+ 48. Bb3 Rh2 49. Be6 1/2-1/2

[Event "XIX Memorial Edoardo Crespi A"]
[Site "Milano ITA"]
[Date "1998.12.??"]
[Round "3"]
[White "Giretti Kanev, Jasen"]
[Black "Marcoli, Paolo"]
[Result "0-1"]
[WhiteElo "2150"]
[BlackElo "2130"]
[PlyCount "96"]
[EventDate "1998.12.05"]

1. Nf3 g6 2. e4 Bg7 3. d4 c6 4. Be2 d6 5. h3 Nf6 6. Nc3 Qa5 7. O-O e5 8. dxe5
dxe5 9. Qd6 Nbd7 10. b4 Qd8 11. Bc4 Bf8 12. Qd3 h6 13. Be3 Qe7 14. Rad1 Bg7 15.
Qd2 Qxb4 16. Nxe5 O-O 17. f4 Nxe5 18. fxe5 Nd7 19. Bb3 Nxe5 20. Nd5 Qxd2 21.
Ne7+ Kh7 22. Rxd2 Be6 23. Bxe6 fxe6 24. Bf4 Rxf4 25. Rxf4 Re8 26. Nxg6 Kxg6 27.
Rf1 Re7 28. g3 Nc4 29. Rd3 b5 30. Kg2 Be5 31. Rf8 Kg7 32. Rc8 Bc7 33. Ra8 Bb6
34. g4 Rf7 35. Rf3 Ne3+ 36. Kg3 Nxc2 37. Rxf7+ Kxf7 38. Rc8 c5 39. Kf4 c4 40.
Ke5 Nb4 41. Rh8 c3 42. Rc8 c2 43. Kd6 Be3 44. a3 c1=Q 45. Rxc1 Bxc1 46. axb4
Ba3 47. Kc6 Bxb4 48. Kxb5 a5 0-1

[Event "XIX Memorial Edoardo Crespi A"]
[Site "Milano ITA"]
[Date "1998.12.??"]
[Round "3"]
[White "Griffa, Roberto"]
[Black "Papale, Carmelo"]
[Result "0-1"]
[WhiteElo "2070"]
[BlackElo "1917"]
[PlyCount "84"]
[EventDate "1998.12.05"]

1. d4 Nf6 2. Nf3 g6 3. g3 Bg7 4. Bg2 d5 5. O-O O-O 6. Nbd2 b6 7. c4 e6 8. b3
Bb7 9. Bb2 Nbd7 10. Rc1 c5 11. Rc2 a5 12. a4 Qe7 13. Qe1 Rfe8 14. Nb1 Ne4 15.
Nfd2 f5 16. Nxe4 fxe4 17. Na3 cxd4 18. Nb5 Nc5 19. Qd1 d3 20. exd3 Bxb2 21.
Rxb2 Nxd3 22. Rd2 Rf8 23. Rxd3 exd3 24. Qxd3 dxc4 25. Qxc4 Bxg2 26. Kxg2 Rac8
27. Qg4 Rc2 28. Nd4 Rc3 29. Nxe6 Rf5 30. Nd4 Re5 31. Rb1 Re4 32. Nf5 Qe6 33.
Nh6+ Kg7 34. Qg5 Rc5 35. Qd2 Rh5 36. Rc1 Qe7 37. Rc6 Re2 38. Qc3+ Kxh6 39. Qc1+
Qg5 40. Qd1 Rd2 41. Qc1 Qd5+ 42. Kf1 Rf5 0-1

[Event "XIX Memorial Edoardo Crespi A"]
[Site "Milano ITA"]
[Date "1998.12.??"]
[Round "3"]
[White "Qendro, Llambi"]
[Black "Facchetti, Gianni"]
[Result "1-0"]
[WhiteElo "2375"]
[BlackElo "2120"]
[PlyCount "85"]
[EventDate "1998.12.05"]

1. d4 Nf6 2. Nf3 d6 3. g3 Nbd7 4. Bg2 e5 5. c4 Be7 6. O-O c6 7. Nc3 Qc7 8. h3
Nf8 9. Qc2 Ng6 10. b3 h5 11. dxe5 dxe5 12. Bg5 Nh7 13. Bxe7 Qxe7 14. h4 O-O 15.
Rad1 Bg4 16. Rd2 Rad8 17. Rfd1 Rxd2 18. Qxd2 Re8 19. Ne4 Ngf8 20. Nd6 Rb8 21.
Qe3 Bxf3 22. Bxf3 Rd8 23. c5 g6 24. b4 Nf6 25. Rb1 Ne8 26. Nc4 f6 27. Qb3 Kg7
28. Rd1 Rxd1+ 29. Qxd1 Ne6 30. e3 N6c7 31. Nd6 Na6 32. Bxh5 Nxd6 33. cxd6 Qd7
34. Qg4 Qxg4 35. Bxg4 Kf7 36. Bc8 Nxb4 37. g4 Nd3 38. Bxb7 Nc5 39. Bxc6 Ke6 40.
h5 gxh5 41. gxh5 f5 42. d7 Ke7 43. h6 1-0

[Event "XIX Memorial Edoardo Crespi A"]
[Site "Milano ITA"]
[Date "1998.12.??"]
[Round "3"]
[White "Quagliarella, Sabino Remo"]
[Black "Nieus, Thierry"]
[Result "0-1"]
[WhiteElo "1883"]
[BlackElo "1881"]
[PlyCount "62"]
[EventDate "1998.12.05"]

1. d4 Nf6 2. c4 c5 3. d5 b5 4. cxb5 a6 5. bxa6 Bxa6 6. Nf3 d6 7. g3 g6 8. Bg2
Bg7 9. O-O O-O 10. Nc3 Nbd7 11. Re1 Qc7 12. Bg5 Rfb8 13. Qd2 Nb6 14. Rab1 Nc4
15. Qc2 Ra7 16. Nd2 h6 17. Nxc4 Bxc4 18. Bxf6 Bxf6 19. b3 Ba6 20. e4 Qa5 21.
Ne2 Qa3 22. Nc1 c4 23. bxc4 Rxb1 24. Qxb1 Bxc4 25. Re3 Qa6 26. a3 Rb7 27. Qc2
Bd4 28. Re1 Rb2 29. Qd1 Bxf2+ 30. Kh1 Bxe1 31. Qxe1 Qxa3 0-1

[Event "XIX Memorial Edoardo Crespi A"]
[Site "Milano ITA"]
[Date "1998.12.??"]
[Round "3"]
[White "Tramalloni, Luca"]
[Black "Candura, Stefano"]
[Result "1/2-1/2"]
[WhiteElo "1909"]
[BlackElo "1900"]
[PlyCount "45"]
[EventDate "1998.12.05"]

1. d4 e6 2. e4 d5 3. Nc3 Bb4 4. exd5 exd5 5. Bd3 Nc6 6. Nge2 Nge7 7. a3 Ba5 8.
O-O O-O 9. Na4 Bf5 10. Bxf5 Nxf5 11. Bd2 Bxd2 12. Qxd2 Qh4 13. c3 Na5 14. Qf4
Qxf4 15. Nxf4 c6 16. Nc5 b6 17. Ncd3 Rfe8 18. Rfe1 Nd6 19. Rxe8+ Rxe8 20. Re1
Rxe1+ 21. Nxe1 f6 22. g3 Kf7 23. Ned3 1/2-1/2

[Event "XIX Memorial Edoardo Crespi A"]
[Site "Milano ITA"]
[Date "1998.12.??"]
[Round "4"]
[White "Bevilacqua, Maurizio"]
[Black "Qendro, Llambi"]
[Result "1/2-1/2"]
[WhiteElo "2140"]
[BlackElo "2375"]
[PlyCount "82"]
[EventDate "1998.12.05"]

1. d4 g6 2. e4 Bg7 3. Nc3 c6 4. f4 d5 5. e5 h5 6. Bd3 Bg4 7. Nce2 e6 8. h3 Bxe2
9. Nxe2 h4 10. c3 Bf8 11. Be3 Nd7 12. O-O Nh6 13. Kh2 Nf5 14. Bf2 Be7 15. Ng1
Kf8 16. Nf3 Kg7 17. Qe1 Rc8 18. Rc1 c5 19. c4 Ng3 20. Bxg3 dxc4 21. Bb1 hxg3+
22. Qxg3 cxd4 23. Nxd4 Nf8 24. Rcd1 Qc7 25. f5 exf5 26. Nxf5+ Kg8 27. Nd6 Bxd6
28. exd6 Qd8 29. Rfe1 Qf6 30. Rf1 Qxb2 31. Bf5 Re8 32. Rb1 Qf6 33. Rbd1 Qh4 34.
Qxh4 Rxh4 35. Bg4 f5 36. Bf3 c3 37. Bxb7 c2 38. Rd2 Rb4 39. Bd5+ Kg7 40. Bb3
Rb6 41. Rxc2 Rxd6 1/2-1/2

[Event "XIX Memorial Edoardo Crespi A"]
[Site "Milano ITA"]
[Date "1998.12.??"]
[Round "4"]
[White "Candura, Stefano"]
[Black "Giretti Kanev, Jasen"]
[Result "0-1"]
[WhiteElo "1900"]
[BlackElo "2150"]
[PlyCount "82"]
[EventDate "1998.12.05"]

1. d4 Nf6 2. Nf3 b6 3. g3 Bb7 4. Bg2 e6 5. c4 c5 6. dxc5 Bxc5 7. Nc3 O-O 8. O-O
h6 9. b3 Qe7 10. Bb2 Rd8 11. Qc2 Nc6 12. Rad1 Rac8 13. e4 Ng4 14. Qe2 d6 15.
Na4 Nge5 16. Nxe5 dxe5 17. Nxc5 Qxc5 18. Qg4 Nd4 19. Bc1 Kh7 20. Be3 Qa5 21. f4
Qc3 22. Bd2 f5 23. Bxc3 fxg4 24. Bxd4 exd4 25. Rd3 b5 26. cxb5 Rc2 27. a4 Rxg2+
28. Kxg2 Bxe4+ 29. Kf2 Bxd3 30. Rc1 Be4 31. Ke1 Rd7 32. Rc5 Kg6 33. Kd2 Bd5 34.
b4 Kf5 35. a5 Ke4 36. Rc6 Bxc6 37. bxc6 Rc7 38. b5 Kd5 39. Kd3 a6 40. b6 Rxc6
41. b7 Rc3+ 0-1

[Event "XIX Memorial Edoardo Crespi A"]
[Site "Milano ITA"]
[Date "1998.12.??"]
[Round "4"]
[White "Cazzaniga, Walter"]
[Black "Marcoli, Paolo"]
[Result "1/2-1/2"]
[WhiteElo "2165"]
[BlackElo "2130"]
[PlyCount "83"]
[EventDate "1998.12.05"]

1. d4 Nf6 2. c4 g6 3. Nc3 Bg7 4. e4 d6 5. Nf3 O-O 6. Be2 e5 7. Be3 Nc6 8. d5
Ne7 9. Nd2 c5 10. dxc6 bxc6 11. O-O c5 12. Nd5 Nfxd5 13. cxd5 f5 14. f3 f4 15.
Bf2 g5 16. a3 a5 17. b4 axb4 18. axb4 Rxa1 19. Qxa1 cxb4 20. Qa4 h5 21. Qxb4
Rf6 22. Bb6 Qe8 23. Bb5 Bd7 24. Bxd7 Qxd7 25. Rc1 Bf8 26. Rc7 Qe8 27. Nc4 Qg6
28. Rd7 g4 29. Kh1 h4 30. Qe1 gxf3 31. gxf3 Qh5 32. Qf1 h3 33. Bd8 Rf7 34. Nxd6
Rf6 35. Bxe7 Bxe7 36. Nf5 Ra6 37. Nxe7+ Kf8 38. Rd8+ Kxe7 39. Rg8 Ra1 40. Qxa1
Qxf3+ 41. Kg1 Qe3+ 42. Kh1 1/2-1/2

[Event "XIX Memorial Edoardo Crespi A"]
[Site "Milano ITA"]
[Date "1998.12.??"]
[Round "4"]
[White "Facchetti, Gianni"]
[Black "Dorighet, Claudio"]
[Result "1/2-1/2"]
[WhiteElo "2120"]
[BlackElo "2085"]
[PlyCount "165"]
[EventDate "1998.12.05"]

1. e4 c5 2. Nf3 d6 3. d4 cxd4 4. Qxd4 Nc6 5. Bb5 Bd7 6. Bxc6 Bxc6 7. Nc3 Nf6 8.
O-O e5 9. Qd3 h6 10. Rd1 Be7 11. Nd2 O-O 12. Nf1 Qc7 13. Ne3 Rfd8 14. Ncd5 Nxd5
15. exd5 Bd7 16. c4 Rab8 17. Bd2 b5 18. cxb5 Bxb5 19. Qa3 Qb7 20. Nf5 Bf8 21.
Qg3 Kh7 22. Bc3 g6 23. Ne3 Bg7 24. h4 Qe7 25. h5 Qg5 26. hxg6+ Qxg6 27. Qxg6+
Kxg6 28. a4 Ba6 29. Re1 h5 30. g3 Bf6 31. Rad1 Rdc8 32. f3 Bg5 33. Rd2 f5 34.
Rg2 Bxe3+ 35. Rxe3 Rc4 36. a5 Rb5 37. Rd3 Rcc5 38. Rd1 Bb7 39. Rgd2 Kf7 40. Kf2
Bxd5 41. Ke3 Ke6 42. Rh1 Rc4 43. Rxh5 f4+ 44. gxf4 Rxf4 45. Rf2 Rb7 46. Rh6+
Kd7 47. Rh3 Kc6 48. Rc2 Kb5 49. Rg2 Rbf7 50. Rgg3 a6 51. Ke2 R7f6 52. Ke3 R4f5
53. Ke2 Bc6 54. Bd2 d5 55. f4 exf4 56. Rb3+ Kc4 57. Rhc3+ Kd4 58. Rd3+ Kc5 59.
Bb4+ Kc4 60. Rdc3+ Kd4 61. Bc5+ Ke5 62. Rb4 Bb5+ 63. Kf3 Rg6 64. Bd4+ Kd6 65.
Bc5+ Kd7 66. Bf2 Bc6 67. Rd4 Rg8 68. Rc1 Rb8 69. b4 Re8 70. Rh1 Rf7 71. Rh4 Re4
72. Rh5 Kd6 73. Rh6+ Kc7 74. Rh5 Rf6 75. Rh8 Re7 76. Rh4 Re4 77. Rh8 Bb7 78.
Rh4 Rf7 79. Rh6 Bc6 80. Rh8 Rfe7 81. Rh4 Rf7 82. Rh6 Bb7 83. Rh4 1/2-1/2

[Event "XIX Memorial Edoardo Crespi A"]
[Site "Milano ITA"]
[Date "1998.12.??"]
[Round "4"]
[White "Griffa, Roberto"]
[Black "Quagliarella, Sabino Remo"]
[Result "1-0"]
[WhiteElo "2070"]
[BlackElo "1883"]
[PlyCount "47"]
[EventDate "1998.12.05"]

1. d4 d6 2. g3 g6 3. Bg2 Bg7 4. Nf3 Nf6 5. O-O O-O 6. b3 c5 7. dxc5 Ne4 8. c3
Nxc3 9. Nxc3 Bxc3 10. Bh6 dxc5 11. Bxf8 Qxf8 12. Rc1 Bb4 13. Ne5 Ba3 14. Rc2
Na6 15. Rd2 Qh6 16. Rd8+ Kg7 17. Rxc8 Rxc8 18. Bxb7 Rc7 19. Bxa6 g5 20. Qd8 Qd6
21. Qxd6 exd6 22. Nc4 Bb4 23. Rd1 Re7 24. e3 1-0

[Event "XIX Memorial Edoardo Crespi A"]
[Site "Milano ITA"]
[Date "1998.12.??"]
[Round "4"]
[White "Papale, Carmelo"]
[Black "Nieus, Thierry"]
[Result "0-1"]
[WhiteElo "1917"]
[BlackElo "1881"]
[PlyCount "72"]
[EventDate "1998.12.05"]

1. Nf3 d5 2. g3 c5 3. Bg2 Nc6 4. d3 Nf6 5. Nbd2 e6 6. O-O Be7 7. Re1 b6 8. e4
dxe4 9. dxe4 Bb7 10. Qe2 O-O 11. b3 Nb4 12. Rd1 Qc7 13. Ne1 Rad8 14. Bb2 Ba6
15. Qf3 Bb7 16. Qe2 Ba6 17. Qf3 Nd7 18. a3 Nc6 19. Qe3 Bf6 20. Bxf6 Nxf6 21. f4
Nd4 22. h3 Rd7 23. c4 Rfd8 24. e5 Nh5 25. Ne4 Bb7 26. Nd6 Bxg2 27. Kxg2 Nb5 28.
Qf3 Nxd6 29. exd6 Qb7 30. Qxb7 Rxb7 31. Ra2 Rbd7 32. Rad2 Nf6 33. Nf3 Ne4 34.
Re2 Nc3 35. Ne5 Nxe2 36. Nxd7 Rxd7 0-1

[Event "XIX Memorial Edoardo Crespi A"]
[Site "Milano ITA"]
[Date "1998.12.??"]
[Round "4"]
[White "Tramalloni, Luca"]
[Black "Dalimeg, Alfredo"]
[Result "1-0"]
[WhiteElo "1909"]
[BlackElo "2068"]
[PlyCount "95"]
[EventDate "1998.12.05"]

1. d4 Nf6 2. c4 e6 3. g3 c5 4. d5 exd5 5. cxd5 d6 6. Bg2 g6 7. Nc3 Bg7 8. Nf3
O-O 9. O-O Re8 10. Bf4 Nh5 11. Bg5 Qa5 12. Bd2 b5 13. a3 Qb6 14. Re1 Nd7 15.
Rb1 a5 16. b3 b4 17. axb4 axb4 18. Na4 Qc7 19. Qc1 Qb8 20. Ng5 Ba6 21. Bf3 Nhf6
22. Nb2 Nb6 23. e4 Nbd7 24. Nc4 Bxc4 25. Qxc4 h6 26. Nh3 Ne5 27. Qe2 Nxf3+ 28.
Qxf3 Nd7 29. Qd1 Ra2 30. Re2 Ne5 31. Bc1 Nf3+ 32. Kg2 Rxe2 33. Qxe2 Nd4 34. Qd3
Qa8 35. Bf4 Qd8 36. Ng1 f5 37. exf5 Qa8 38. f6 Qxd5+ 39. f3 g5 40. Bd2 Bh8 41.
Qg6+ Kf8 42. Qxh6+ Kf7 43. Qh5+ Kxf6 44. Qxe8 Bg7 45. Re1 Nxb3 46. Qe7+ Kg6 47.
Re6+ Kh7 48. Bxg5 1-0

[Event "XIX Memorial Edoardo Crespi A"]
[Site "Milano ITA"]
[Date "1998.12.??"]
[Round "5"]
[White "Candura, Stefano"]
[Black "Griffa, Roberto"]
[Result "0-1"]
[WhiteElo "1900"]
[BlackElo "2070"]
[PlyCount "92"]
[EventDate "1998.12.05"]

1. d4 Nf6 2. Nf3 e6 3. c4 Bb4+ 4. Bd2 a5 5. a3 Bxd2+ 6. Qxd2 d6 7. Nc3 Nbd7 8.
Qc2 O-O 9. e3 b6 10. Be2 Bb7 11. O-O Qe7 12. Nd2 Rfe8 13. Bf3 Bxf3 14. Nxf3 e5
15. Qf5 g6 16. Qg5 Kg7 17. dxe5 dxe5 18. Rfd1 h6 19. Qg3 Qc5 20. b3 c6 21. Qh3
e4 22. Nd4 Ne5 23. Na4 Qe7 24. Nxb6 Rab8 25. Na4 c5 26. Nb5 Nd3 27. Nac3 Rb6
28. f3 Ne5 29. fxe4 Neg4 30. Nd5 Nxd5 31. exd5 Nxe3 32. Re1 Qf6 33. Rab1 Rxb5
34. cxb5 Qd4 35. Kh1 Ng4 36. Rf1 Re3 37. Qh4 g5 38. Qh5 Nf6 39. Rxf6 Qxf6 40.
Qd1 Qf5 41. Rc1 Rd3 42. Qc2 Qxd5 43. h3 Rxh3+ 44. Kg1 Qd4+ 45. Kf1 Qf4+ 46. Kg1
Qe3+ 0-1

[Event "XIX Memorial Edoardo Crespi A"]
[Site "Milano ITA"]
[Date "1998.12.??"]
[Round "5"]
[White "Dorighet, Claudio"]
[Black "Tramalloni, Luca"]
[Result "1-0"]
[WhiteElo "2085"]
[BlackElo "1909"]
[PlyCount "75"]
[EventDate "1998.12.05"]

1. c4 Nf6 2. Nc3 e6 3. e4 c5 4. e5 Ng8 5. Nf3 d6 6. exd6 Bxd6 7. d4 cxd4 8.
Qxd4 Nf6 9. Bg5 Nc6 10. Qh4 Be7 11. Be2 a6 12. O-O Nd7 13. Ne4 O-O 14. Bd3 f5
15. Bxe7 Qxe7 16. Qxe7 Nxe7 17. Nd6 e5 18. Rfe1 e4 19. Bc2 Nc6 20. Nxc8 Raxc8
21. Rad1 Nde5 22. Nxe5 Nxe5 23. b4 Rcd8 24. f3 Rxd1 25. Bxd1 Rd8 26. fxe4 fxe4
27. Bc2 Nd3 28. Rxe4 Nxb4 29. Re2 Nxc2 30. Rxc2 Kf7 31. Re2 Rd3 32. Kf2 Kf6 33.
Ke1 h6 34. Rd2 Rc3 35. Kd1 b5 36. Rf2+ Ke6 37. Kd2 b4 38. Rf3 1-0

[Event "XIX Memorial Edoardo Crespi A"]
[Site "Milano ITA"]
[Date "1998.12.??"]
[Round "5"]
[White "Giretti Kanev, Jasen"]
[Black "Dalimeg, Alfredo"]
[Result "0-1"]
[WhiteElo "2150"]
[BlackElo "2068"]
[PlyCount "132"]
[EventDate "1998.12.05"]

1. c4 Nf6 2. Nf3 g6 3. b3 Bg7 4. Bb2 O-O 5. Nc3 d5 6. e3 c5 7. cxd5 Nxd5 8. Na4
Bxb2 9. Nxb2 Nc6 10. Be2 e5 11. Qc2 Qe7 12. d3 b6 13. O-O Ba6 14. a3 Rac8 15.
Rfe1 Qf6 16. Nc4 Rfe8 17. Nfd2 Rcd8 18. Rac1 Bb7 19. Ne4 Qe7 20. Nc3 Nxc3 21.
Qxc3 Qg5 22. Bf3 Re6 23. Nd2 Qe7 24. Red1 f5 25. b4 cxb4 26. axb4 Kg7 27. b5
Na5 28. Bxb7 Nxb7 29. Nf3 Kh6 30. d4 Red6 31. Qa1 exd4 32. Nxd4 Na5 33. Qa4 Qf6
34. g3 R8d7 35. Nf3 Rxd1+ 36. Rxd1 Rxd1+ 37. Qxd1 Qe7 38. Qd4 Nb3 39. Qf4+ Kg7
40. Qc4 Nc5 41. Qd4+ Qf6 42. Ne5 Ne4 43. f3 Nd6 44. Kf2 g5 45. Ke2 h5 46. f4
gxf4 47. gxf4 Kh7 48. Nf3 Qxd4 49. Nxd4 Kg6 50. Kd3 Kf6 51. Kc3 h4 52. Kb4 h3
53. Nc6 Ke6 54. Nd4+ Kd5 55. Nf3 Ke4 56. Ng5+ Kxe3 57. Nxh3 Kf3 58. Ng5+ Kxf4
59. Ne6+ Kg4 60. Nd4 Kh3 61. Kc3 Kxh2 62. Nc6 f4 63. Kd4 f3 64. Ke3 Kg2 65. Ne5
f2 66. Nf3 f1=Q 0-1

[Event "XIX Memorial Edoardo Crespi A"]
[Site "Milano ITA"]
[Date "1998.12.??"]
[Round "5"]
[White "Marcoli, Paolo"]
[Black "Bevilacqua, Maurizio"]
[Result "1-0"]
[WhiteElo "2130"]
[BlackElo "2140"]
[PlyCount "91"]
[EventDate "1998.12.05"]

1. e4 c5 2. Nf3 e6 3. d4 cxd4 4. Nxd4 a6 5. Bd3 Nc6 6. Nxc6 bxc6 7. O-O d5 8.
c4 d4 9. f4 Nf6 10. Nd2 Rb8 11. e5 Nd7 12. Ne4 Nc5 13. Nxc5 Bxc5 14. Qf3 Qc7
15. Kh1 g6 16. Be4 Bd7 17. Rd1 a5 18. b3 Ba7 19. Bd2 c5 20. Be1 Bb6 21. Bg3 Qc8
22. Rf1 Bd8 23. Rae1 Be7 24. Re2 a4 25. Rb1 O-O 26. Reb2 Qa6 27. Be1 f5 28.
exf6 Bxf6 29. Qd3 Bg7 30. Bh4 Qd6 31. Bg3 a3 32. Re2 Qe7 33. f5 Qf6 34. Bxb8
gxf5 35. Bd6 fxe4 36. Rxe4 Bc6 37. Bxf8 Bxe4 38. Qxe4 Bxf8 39. Re1 Bg7 40.
Qxe6+ Qxe6 41. Rxe6 d3 42. Re1 Bc3 43. Rd1 d2 44. Kg1 Kf7 45. Kf1 Ke6 46. Ke2
1-0

[Event "XIX Memorial Edoardo Crespi A"]
[Site "Milano ITA"]
[Date "1998.12.??"]
[Round "5"]
[White "Nieus, Thierry"]
[Black "Facchetti, Gianni"]
[Result "0-1"]
[WhiteElo "1881"]
[BlackElo "2120"]
[PlyCount "120"]
[EventDate "1998.12.05"]

1. e4 e5 2. f4 Nf6 3. fxe5 Nxe4 4. Nf3 Ng5 5. d4 Nxf3+ 6. Qxf3 Qh4+ 7. Qf2
Qxf2+ 8. Kxf2 d5 9. exd6 Bxd6 10. Bd3 O-O 11. Nd2 c6 12. Ne4 Bc7 13. Bd2 h6 14.
Rae1 Nd7 15. Bb4 Rd8 16. Be7 Re8 17. Nd6 Bxd6 18. Bxd6 Nf6 19. h3 Be6 20. a3
Rad8 21. Be5 Nd7 22. Bc7 Rc8 23. Bd6 Nb6 24. c3 Na4 25. Re2 Red8 26. Bf4 Nb6
27. Be4 Rd7 28. g4 Bd5 29. Rhe1 Bxe4 30. Rxe4 Rcd8 31. Re8+ Rxe8 32. Rxe8+ Kh7
33. Re1 a5 34. b3 a4 35. bxa4 Nxa4 36. Bd2 Nb2 37. Re8 Kg6 38. Ra8 c5 39. Ke2
cxd4 40. cxd4 Rxd4 41. Bc3 Rc4 42. Bb4 Rc7 43. Re8 Rc6 44. Rd8 Nc4 45. Rd7 Ra6
46. Rd3 h5 47. Kf2 hxg4 48. hxg4 Ne5 49. Rd4 f6 50. Kg3 Rc6 51. Kg2 Rc4 52.
Rxc4 Nxc4 53. Kg3 Kf7 54. Kf4 Ke6 55. Ke4 g6 56. Kf4 Nb6 57. Ke4 Nd7 58. Kf4
Kd5 59. Be7 Kd4 60. Bd8 Kc4 0-1

[Event "XIX Memorial Edoardo Crespi A"]
[Site "Milano ITA"]
[Date "1998.12.??"]
[Round "5"]
[White "Qendro, Llambi"]
[Black "Cazzaniga, Walter"]
[Result "1-0"]
[WhiteElo "2375"]
[BlackElo "2165"]
[PlyCount "105"]
[EventDate "1998.12.05"]

1. d4 Nf6 2. c4 g6 3. Nc3 Bg7 4. Nf3 O-O 5. g3 d5 6. cxd5 Nxd5 7. Bg2 Nxc3 8.
bxc3 c5 9. O-O Nc6 10. e3 Qa5 11. Qb3 Rb8 12. Qa3 Re8 13. Rd1 e6 14. Rb1 cxd4
15. Nxd4 Qxa3 16. Bxa3 Nxd4 17. cxd4 Bf8 18. Bxf8 Kxf8 19. Rdc1 Re7 20. Rc3 Ke8
21. f4 b6 22. Kf2 Bb7 23. Bxb7 Rexb7 24. Rbc1 Kd7 25. Kf3 b5 26. Ke4 f6 27. g4
a5 28. Rc5 Ra8 29. f5 Re8 30. Kd3 a4 31. a3 b4 32. axb4 exf5 33. gxf5 Rxb4 34.
Rc7+ Kd8 35. Rc8+ Kd7 36. R1c7+ Kd6 37. Rc6+ Kd7 38. Rxe8 Kxc6 39. fxg6 hxg6
40. Re6+ Kb5 41. Rxf6 a3 42. Rf1 Rb3+ 43. Ke4 a2 44. Ra1 Rb2 45. h4 Kb4 46. d5
Kb3 47. d6 Rh2 48. Kd5 Rxh4 49. e4 Kb2 50. Rxa2+ Kxa2 51. e5 Rh1 52. e6 Rd1+
53. Kc6 1-0